U.S. Flagship University Nicknames - Statistics

General Stats
  • This quiz has been taken 40 times
  • The average score is 35 of 50
Answer Stats
University Hint Answer % Correct
Georgia animal Bulldogs
93%
Florida animal Gators
93%
California, Berkeley animal Golden Bears
90%
Wisconsin–Madison animal Badgers
86%
Maine animal Black Bears
86%
Alabama phenomenon Crimson Tide
86%
Penn State animal Nittany Lions
86%
Arizona animal Wildcats
86%
Kentucky animal Wildcats
86%
New Hampshire animal Wildcats
86%
Ohio State residency Buckeyes
83%
Iowa residency Hawkeyes
83%
Texas at Austin animal Longhorns
83%
Arkansas animal Razorbacks
83%
Oklahoma type of settler Sooners
83%
North Carolina at Chapel Hill residency Tar Heels
83%
Louisiana State animal Tigers
83%
Missouri animal Tigers
83%
Oregon animal Ducks
79%
South Carolina animal Gamecocks
79%
Connecticut animal Huskies
79%
Washington animal Huskies
79%
Michigan animal Wolverines
79%
Colorado Boulder animal Buffaloes
76%
Nebraska–Lincoln occupation Cornhuskers
76%
Indiana Bloomington residency Hoosiers
76%
Maryland, College Park animal Terrapins
76%
Tennessee occupation? Volunteers
76%
Illinois at Urbana–Champaign confederation of tribes Fighting Illini
72%
Minnesota animal Golden Gophers
72%
Kansas animal? Jayhawks
72%
Mississippi allegiance Rebels
72%
Virginia occupation Cavaliers
69%
Utah tribe Utes
69%
West Virginia occupation? Mountaineers
66%
Rutgers–New Brunswick occupation Scarlet Knights
62%
Wyoming occupation Cowboys
55%
Nevada, Reno group of animals Wolf Pack
55%
New Mexico State type of school (abbreviation) Aggies
52%
Delaware animal Fightin' Blue Hens
52%
New Mexico animal (foreign language) Lobos
52%
Massachusetts Amherst occupation Minutemen
52%
Hawaii at Manoa occupation Rainbow Warriors
52%
at Buffalo animal Bulls
38%
Rhode Island animal Rams
38%
North Dakota animal Fighting Hawks
34%
Montana animal Grizzlies
34%
Vermont animal Catamounts
28%
South Dakota animal Coyotes
28%
Alaska Fairbanks animal (foreign language) Nanooks
14%
No matching quizzes found
Score Distribution
Percent of People with Each Score
Percentile by Number Answered
Your Score History
You have not taken this quiz